<?xml version="1.0" encoding="UTF-8"?><?xml-stylesheet type="text/xsl" href="static/style.xsl"?><OAI-PMH xmlns="http://www.openarchives.org/OAI/2.0/" xmlns:xsi="http://www.w3.org/2001/XMLSchema-instance" xsi:schemaLocation="http://www.openarchives.org/OAI/2.0/ http://www.openarchives.org/OAI/2.0/OAI-PMH.xsd"><responseDate>2026-04-27T13:49:17Z</responseDate><request verb="GetRecord" identifier="oai:uvadoc.uva.es:10324/8079" metadataPrefix="marc">https://uvadoc.uva.es/oai/request</request><GetRecord><record><header><identifier>oai:uvadoc.uva.es:10324/8079</identifier><datestamp>2021-06-29T10:31:12Z</datestamp><setSpec>com_10324_38</setSpec><setSpec>col_10324_852</setSpec></header><metadata><record xmlns="http://www.loc.gov/MARC21/slim" xmlns:doc="http://www.lyncode.com/xoai" xmlns:xsi="http://www.w3.org/2001/XMLSchema-instance" xmlns:dcterms="http://purl.org/dc/terms/" xsi:schemaLocation="http://www.loc.gov/MARC21/slim http://www.loc.gov/standards/marcxml/schema/MARC21slim.xsd">
<leader>00925njm 22002777a 4500</leader>
<datafield tag="042" ind1=" " ind2=" ">
<subfield code="a">dc</subfield>
</datafield>
<datafield tag="720" ind1=" " ind2=" ">
<subfield code="a">Cid Morgade, Fátima</subfield>
<subfield code="e">author</subfield>
</datafield>
<datafield tag="260" ind1=" " ind2=" ">
<subfield code="c">2014</subfield>
</datafield>
<datafield tag="520" ind1=" " ind2=" ">
<subfield code="a">Un aspecto central en el estudio de las relaciones hipano-inglesas en el siglo XVI es la reforma anglicana. Este hecho se narra por primera vez en español y desde una perspectiva católica en Historia ecclesiastica del scisma de Inglaterra (1558), escrita por el jesuita español Pedro de Ribadeneyra. Aunque esta obra tuvo una gran acogida en la época y durante siglos, la bibliografía actual sobre ella es muy escasa. En este estudio se analizarán la nueva estructura, fuentes adicionales, las abreviaciones y las interpolaciones con las cuales Ribadeneyra refundió De schismate anglicano obra en latín en la cual se basa su Historia del scisma, así como algunos pasajes de dudosa historicidad que mantiene o añade. Los resultados confirman la tesis según la cual Ribadeneyra utiliza y deforma algunos hechos con el objetivo de atraer a los lectores españoles para que apoyen su llamamiento en defensa de la fe católica.</subfield>
</datafield>
<datafield tag="024" ind2=" " ind1="8">
<subfield code="a">http://uvadoc.uva.es/handle/10324/8079</subfield>
</datafield>
<datafield ind1=" " ind2=" " tag="653">
<subfield code="a">Ribadeneira, Pedro de (1527-1611) - Crítica e interpretación</subfield>
</datafield>
<datafield tag="245" ind1="0" ind2="0">
<subfield code="a">An analysis of Pedro de Ribadeneyra's Historia ecclesiastica del scisma de Inglaterra (1588)</subfield>
</datafield>
</record></metadata></record></GetRecord></OAI-PMH>